|
|
|
|
| LEADER |
00000nam0a2200000 4500 |
| 001 |
268699 |
| 005 |
20231101234206.0 |
| 035 |
|
|
|a (RuTPU)RU\TPU\book\291852
|
| 090 |
|
|
|a 268699
|
| 100 |
|
|
|a 20140906d1986 m y0rusy50 ca
|
| 101 |
0 |
|
|a rus
|
| 102 |
|
|
|a RU
|
| 105 |
|
|
|a a z 000zb
|
| 200 |
1 |
|
|a Э. Калонтаров
|e альбом
|f В. Иванов
|
| 210 |
|
|
|a Москва
|c Советский художник
|d 1986
|
| 215 |
|
|
|a 144 с.
|c ил.
|
| 225 |
1 |
|
|a Мастера советского искусства
|
| 600 |
|
1 |
|a Калонтаров
|b Э. М.
|c художник кино
|f 1932-1984
|g Эмонуэль Маркелович
|2 stltpush
|3 (RuTPU)RU\TPU\pers\36224
|
| 606 |
1 |
|
|a Живописцы
|2 stltpush
|3 (RuTPU)RU\TPU\subj\10834
|9 37852
|
| 610 |
1 |
|
|a кино
|
| 610 |
1 |
|
|a кинопроизводство
|
| 610 |
1 |
|
|a киностудии
|
| 610 |
1 |
|
|a Узбекистан
|
| 610 |
1 |
|
|a история
|
| 610 |
1 |
|
|a 20 век
|
| 610 |
1 |
|
|a художники
|
| 610 |
1 |
|
|a альбомы
|
| 675 |
|
|
|a 75.071
|v 3
|
| 700 |
|
1 |
|a Иванов
|b В.
|g Виктор
|
| 801 |
|
1 |
|a RU
|b 63413507
|c 20140906
|
| 801 |
|
2 |
|a RU
|b 63413507
|c 20160217
|g RCR
|
| 942 |
|
|
|c BK
|